|
|
|
|
| LEADER |
00000nab a2200000 a 4500 |
| 001 |
vtls010182492 |
| 003 |
SK-MaSNL |
| 005 |
20260304160016.0 |
| 008 |
250507c2010 xo ||||||||||||00 b|slo |
| 015 |
|
|
|a SNBRB2010/10
|2 snkbucl
|
| 035 |
|
|
|a (uuid)9f24b6c8-c72e-4dd2-b615-00ab79edaa6f
|
| 035 |
|
|
|a urn:nbn:sk:snk-ab2fl2
|
| 035 |
|
|
|a (urnnbn)urn:nbn:sk:snk:ar-a02cv3
|
| 038 |
|
|
|a SNKBUCL
|
| 040 |
|
|
|a SNKBUCL
|b slo
|c SNKBUCL
|e AACR2
|
| 041 |
0 |
|
|a slo
|b eng
|b slo
|
| 044 |
|
|
|a xo
|c SK
|
| 080 |
|
|
|a 663.2:634.8
|x (437.6)
|2 2001
|
| 080 |
|
|
|a 634.8
|x (437.6)
|2 2001
|
| 100 |
1 |
|
|a Eftimová, Jarmila,
|d 1954-
|4 aut
|9 236691
|
| 245 |
1 |
0 |
|a Rozvoj vinárstva v tokajskej vinohradníckej oblasti v súčasných ekonomických a trhových podmienkach
|c Jarmila Eftimová
|
| 246 |
3 |
1 |
|a Viniculture progress in Tokaj winegrowing region at actual economic and market terms
|
| 300 |
|
|
|b Tab.
|
| 504 |
|
|
|a Bibliogr. odkazy
|
| 546 |
|
|
|a Súbežný názov angl. ; res. angl., slov.
|
| 650 |
0 |
7 |
|a vinárstvo
|2 snkbucl
|9 1656
|
| 650 |
0 |
7 |
|a Vinohradnícka oblasť Tokaj (Slovensko)
|2 snkbucl
|9 21617
|
| 773 |
0 |
|
|t Ekonomika poľnohospodárstva = Economics of Agriculture
|g Roč. X., č. 3 (2010), s. 60-6
|x 1335-6186
|
| 850 |
|
|
|a Slovenská národná knižnica
|
| 852 |
|
|
|a Slovenská národná knižnica
|
| 954 |
|
|
|a odborná, vedecká literatúra pôvodná (slovenská)
|2 lita
|
| 958 |
|
|
|a article27
|
| 958 |
|
|
|a NB
|
| 958 |
|
|
|a SK
|
| 958 |
|
|
|a OND
|
| 958 |
|
|
|a EUIPO
|
| 999 |
|
|
|c 2965049
|d 2966979
|